International Valuation Standards (IVS) Exposure Draft for Consultation (2023) (Record no. 121775)

MARC details
000 -LEADER
fixed length control field 00665nam a22001457a 4500
008 - FIXED-LENGTH DATA ELEMENTS--GENERAL INFORMATION
fixed length control field 240117t2023 xxk|||||o|||| 00| 0 eng d
110 2# - MAIN ENTRY--CORPORATE NAME
9 (RLIN) 5828
Corporate name or jurisdiction name as entry element International Valuation Standards Council
245 ## - TITLE STATEMENT
Title International Valuation Standards (IVS) Exposure Draft for Consultation (2023)
260 ## - PUBLICATION, DISTRIBUTION, ETC.
Place of publication, distribution, etc. London,
Name of publisher, distributor, etc. International Valuation Standards Council
Date of publication, distribution, etc. 2023
300 ## - PHYSICAL DESCRIPTION
Extent 179p.
500 ## - GENERAL NOTE
General note Consultation period 28 April 2023 to 28 July 2023
650 ## - SUBJECT ADDED ENTRY--TOPICAL TERM
Topical term or geographic name entry element VALUATION
856 ## - ELECTRONIC LOCATION AND ACCESS
Uniform Resource Identifier <a href="https://www.ivsc.org/themencode-pdf-viewer/?file=https://www.ivsc.org/wp-content/uploads/2023/04/IVS-Exposure-Draft-Apr-23.pdf#zoom=auto&pagemode=">https://www.ivsc.org/themencode-pdf-viewer/?file=https://www.ivsc.org/wp-content/uploads/2023/04/IVS-Exposure-Draft-Apr-23.pdf#zoom=auto&pagemode=</a>
Public note Available from the IVSC
942 ## - ADDED ENTRY ELEMENTS (KOHA)
Source of classification or shelving scheme Dewey Decimal Classification
Holdings
Withdrawn status Lost status Source of classification or shelving scheme Damaged status Not for loan Home library Current library Shelving location Date acquired Total Checkouts Date last seen Price effective from Koha item type
    Dewey Decimal Classification     Virtual Virtual Online 17/01/2024   17/01/2024 17/01/2024 Online material